000 01147nam a2200325 a 4500
001 000017177
003 DO-SdBNP
005 20220909100113.0
007
008 100319s2015 dr a r 000 0 spa d
040 _aDO-SdBNP
_bspa
_cBNPHU
082 _a321.8
_bF363d 2015
_222
100 _aFernández, Leonel,
_d1953-
100 z _aFernández Reyna, Leonel
100 z _a Reyna, Leonel Fernández
245 1 0 _aDemocracia, modernidad y progreso :
_bdiscursos del presidente Leonel Fernández /
_cLeonel Fernández ;prólogo Rafael Núñez.
250 _a2a. ed.
260 _aSanto Domingo :
_bFUNGLODE,
_c2015.
300 _av. :
_bil. ;
_c24 cm.
490 _aDemocracia
500 _3Incluye datos biográficos del autor en la solapa de la cubierta
590 _ainventariado, 2022/VM
600 1 4 _a Fernández, Leonel
_d1953-
_vDiscursos
650 4 _aGobernanza
_xDemocracia.
651 4 _aRepública Dominicana
_xPolítica y gobierno
_y2008-2012
700 1 _aNúñez, Rafael
_epról.
710 2 _aFundación Global Democracia y Desarrollo (República Dominicana)
910 _aVMateo V. /Validado
942 _2ddc
_cBK
999 _c14254
_d14254